000 00349nam a2200145Ia 4500
008 240624s9999 xx 000 0 und d
041 _aeng
082 _a330.015195 MAD
100 _aMADDALA G S
245 _aINTRODUCTION TO ECONOMETRICS
250 _a(3rd ed.)
260 _c2001
_aChichester
_bJohn Wiley
300 _axxvii, : 636
365 _cRS
999 _c1306
_d1306